00732nam a2200157 a 450000500170000000800410001702000150005805000250007310000180009824501090011626000430022544000210026850000200028952002320030965000330054120140414131931.0101206s19uu xx 00 eng d a0394896173 aREF 582.16bB93 2000 aBurnie, David aTree. /cwritten by David Burnie ; [special photography, Peter Chadwick, Philip Dowell, and Kim Taylor]. aNew York :bDorling Kindersley,c2000. aEyewitness books aIncludes index. aPhotographs and text explore the anatomy and life cycle of trees, examining the different kinds of bark, seeds, and leaves, the commercial processing of trees to make lumber, the creatures that live in trees, and other aspects. aTreesx Juvenile literature.